कुल बारह / (Record no. 114567)

MARC details
000 -LEADER
fixed length control field 01178nam a22002657a 4500
005 - DATE AND TIME OF LATEST TRANSACTION
control field 20170124103010.0
010 ## - LIBRARY OF CONGRESS CONTROL NUMBER
LC control number B-171612
020 ## - INTERNATIONAL STANDARD BOOK NUMBER
Terms of availability 200.00
International Standard Book Number 8189850024
035 ## - SYSTEM CONTROL NUMBER
System control number B-171612
037 ## - SOURCE OF ACQUISITION
Source of stock number/acquisition Cen Lib/Ret
040 ## - CATALOGING SOURCE
Original cataloging agency DPL
Language of cataloging HN
082 ## - DEWEY DECIMAL CLASSIFICATION NUMBER
Classification number
Item number रायस
100 ## - MAIN ENTRY--PERSONAL NAME
Personal name राय, सत्यजीत
9 (RLIN) 43761
245 ## - TITLE STATEMENT
Title कुल बारह /
Statement of responsibility, etc सत्यजीत राय ; अनुवादक अमर गोस्वामी
246 ## - VARYING FORM OF TITLE
Title proper/short title Kul baarah /
Remainder of title by Satyajit Rai ; anuvadak Amar Goswami
260 ## - PUBLICATION, DISTRIBUTION, ETC. (IMPRINT)
Place of publication, distribution, etc नयी दिल्ली
Name of publisher, distributor, etc रेमाधव पब्लिकेशन्स
Date of publication, distribution, etc 2006
270 ## - ADDRESS
Address पोस्ट बॉक्स नं. 3684 लाजपत नगर-II
City नयी दिल्ली
Postal code 110024
300 ## - PHYSICAL DESCRIPTION
Extent 188पृ.
Dimensions 21सेमी(सजिल्द )
650 ## - SUBJECT ADDED ENTRY--TOPICAL TERM
Topical term or geographic name as entry element हिंदी साहित्य
General subdivision
Geographic subdivision
9 (RLIN) 57348
650 ## - SUBJECT ADDED ENTRY--TOPICAL TERM
Topical term or geographic name as entry element हिंदी साहित्य--कहानियां
9 (RLIN) 42761
650 ## - SUBJECT ADDED ENTRY--TOPICAL TERM
Topical term or geographic name as entry element Hindi literature
Form subdivision
9 (RLIN) 57349
650 ## - SUBJECT ADDED ENTRY--TOPICAL TERM
Topical term or geographic name as entry element Hindi literature--Stories
9 (RLIN) 57350
700 ## - ADDED ENTRY--PERSONAL NAME
Personal name गोस्वामी, अमर
9 (RLIN) 47617
942 ## - ADDED ENTRY ELEMENTS (KOHA)
Source of classification or shelving scheme Dewey Decimal Classification
Koha item type Hindi Books
Classification part
Call number suffix रायस
Holdings
Withdrawn status Lost status Damaged status Not for loan Home library Current library Date acquired Source of acquisition Cost, normal purchase price Total Checkouts Full call number Barcode Date last seen Copy number Cost, replacement price Price effective from Koha item type
        Central Library Central Library 18/08/2015 Cen Lib/Ret 200.00   क रायस B-171612 18/08/2015 1 200.00 18/08/2015 Hindi Books

© Delhi Public Library
Hit Counter
free hit counter